[Event "BEL-ch opB"]
[Site "Westerlo"]
[Date "2004.07.??"]
[Round "9"]
[White "Adams, Gert"]
[Black "Detienne, Stephane"]
[Result "0-1"]
[WhiteElo "1822"]
[BlackElo "1601"]
[PlyCount "56"]
[EventDate "2004.07.??"]
[EventType "swiss"]
[EventRounds "9"]
[EventCountry "BEL"]
[SourceTitle "EXT 2005"]
[Source "ChessBase"]
[SourceDate "2004.11.15"]
[SourceVersion "1"]
[SourceVersionDate "2004.11.15"]
[SourceQuality "1"]

1. e4 e5 2. Nf3 Nc6 3. Bb5 a6 4. Ba4 Nf6 5. 0-0 b5 6. Bb3 Bc5 7. d3 d6 8. h3 Na5 9. Nc3 Nxb3 10. axb3 Bb7 11. Re1 Qd7 12. Be3 Bxe3 13. Rxe3 0-0 14. Ne2 Rae8 15. Ng3 Kh8 16. Nh4 g6 17. Nf3 Re7 18. Nh2 Ne8 19. d4 f5 20. exf5 gxf5 21. f4 exf4 22. Rxe7 Qxe7 23. Qe2 Qf6 24. Nh5 Qg5 25. g4 fxg3 26. Nf1 f4 27. Re1 f3 28. Qxf3 Bxf3 0-1

[Event "Brasschaat op 02nd"]
[Site "Brasschaat"]
[Date "2002.08.??"]
[Round "3"]
[White "Adams, Gert"]
[Black "Vilarnau, Enrique"]
[Result "1-0"]
[WhiteElo "1855"]
[BlackElo "1686"]
[PlyCount "61"]
[EventDate "2002.08.??"]
[EventType "swiss"]
[EventRounds "7"]
[EventCountry "BEL"]
[SourceTitle "EXT 2005"]
[Source "ChessBase"]
[SourceDate "2004.11.15"]
[SourceVersion "1"]
[SourceVersionDate "2004.11.15"]
[SourceQuality "1"]

1. e4 c5 2. Nf3 d6 3. d4 cxd4 4. Nxd4 Nf6 5. Nc3 a6 6. Be3 e5 7. Nb3 Be7 8. f3 0-0 9. Qd2 Be6 10. 0-0-0 a5 11. a4 Nc6 12. g4 Nb4 13. g5 Ne8 14. Kb1 Rc8 15. Rc1 d5 16. Nxd5 Nxd5 17. exd5 Bxd5 18. Be2 Bb4 19. Qd3 Bxb3 20. Qxb3 Qe7 21. h4 Nd6 22. Bd3 e4 23. fxe4 Nxe4 24. Bxe4 Qxe4 25. h5 Rc6 26. g6 hxg6 27. h6 Rfc8 28. hxg7 Kxg7 29. Rh7+ Kxh7 30. Qxf7+ Kh8 31. Bd4+ 1-0

[Event "Brasschaat op 02nd"]
[Site "Brasschaat"]
[Date "2002.08.??"]
[Round "4"]
[White "Van den Brande, Werner"]
[Black "Adams, Gert"]
[Result "1-0"]
[WhiteElo "2250"]
[BlackElo "1855"]
[PlyCount "53"]
[EventDate "2002.08.??"]
[EventType "swiss"]
[EventRounds "7"]
[EventCountry "BEL"]
[SourceTitle "EXT 2005"]
[Source "ChessBase"]
[SourceDate "2004.11.15"]
[SourceVersion "1"]
[SourceVersionDate "2004.11.15"]
[SourceQuality "1"]

1. e4 c6 2. d4 d5 3. exd5 cxd5 4. c4 Nf6 5. Nc3 e6 6. Nf3 Bb4 7. Bd3 Nc6 8. 0-0 0-0 9. cxd5 Nxd5 10. Bc2 Nf6 11. Qd3 Be7 12. a3 g6 13. Re1 b6 14. Bh6 Re8 15. Rad1 Bb7 16. Bb3 Bf8 17. Bg5 h6 18. Bh4 Kg7 19. Ne5 Be7 20. Nxf7 Kxf7 21. Rxe6 Kg7 22. Bc2 Rg8 23. Bxf6+ Kf8 24. Bxe7+ Nxe7 25. d5 Qd7 26. Rf6+ Kg7 27. Qd4 1-0